| 000 | 00535nam a2200145Ia 4500 | ||
|---|---|---|---|
| 008 | 100204s9999 xx 000 0 und d | ||
| 082 | _b5990 | ||
| 100 | _a"राष्ट्रीय चरित्रमाला, पुणे" | ||
| 245 | _aराम गणेश गडकरी | ||
| 260 |
_b"राष्ट्रीय चरित्रमाला , पुणे" _c1982 |
||
| 300 | _a56 | ||
| 630 | _aराम गणेश गडकरी | ||
| 730 | _aराम गणेश गडकरी | ||
| 942 | _cBOOK | ||
| 999 |
_c450497 _d450494 |
||